| 000 | 00000nam##2200000za#4500 |
| 001 | 9.643041 |
| 003 | CaOODSP |
| 005 | 20210624224003 |
| 007 | cr ||||||||||| |
| 008 | 150407|2005||||xxc|||||o f|0| 0 fre|d |
| 040 | |aCaOODSP|bfre |
| 043 | |an-cn--- |
| 086 | 1 |aEn84-114/2005F-PDF |
| 110 | 1 |aCanada. |bEnvironnement Canada. |
| 245 | 13|aLe mercure dans l'environnement |h[ressource électronique] |
| 260 | |aOttawa - Ontario : |bEnvironnement Canada |cc2005. |
| 300 | |a2p.|bphotographies |
| 590 | |a14-08-Supp|b2014-04-10 |
| 691 | 07|aMercure|2gcpds |
| 691 | 07|aProtection de l'environnement|2gcpds |
| 775 | 08|tMercury and the environment |w(CaOODSP)9.698990 |
| 856 | 40|ahttp://publications.gc.ca|qPDF|s1.53 Mo|uhttps://publications.gc.ca/collections/collection_2014/ec/En84-114-2005-fra.pdf |